5 Seconds of Summer (5SOS) - I'll Find You - All lyrics - Statistics

General Stats
  • This quiz has been taken 19 times
  • The average score is 126 of 184
Answer Stats
Answer % Correct
a
93%
find
93%
have
93%
I
93%
I'll
93%
to
93%
To
93%
You
93%
you
93%
you,
93%
don't
87%
In
87%
the
87%
The
87%
worry
87%
and
80%
back
80%
ever
80%
of
80%
your
80%
look
73%
so
73%
want
73%
faces
67%
feel
67%
I'm
67%
is
67%
it
67%
million
67%
off
67%
on
67%
our
67%
see
67%
that
67%
covers
60%
dark,
60%
get
60%
heads
60%
over
60%
Pull
60%
at
53%
Hey,
53%
hurry,
53%
I've
53%
kisses
53%
long
53%
my
53%
neck
53%
shadow
53%
Stealing
53%
there
53%
through
53%
took
53%
But
47%
ceiling
47%
Every
47%
known
47%
love
47%
post
47%
Puppet's
47%
sorry
47%
up
47%
we're
47%
forget
40%
hold
40%
into
40%
live
40%
some
40%
without
40%
close,
33%
constellation
33%
foreign
33%
forever
33%
light
33%
red
33%
second
33%
standing
33%
station
33%
Tattoo
33%
Coming
27%
flashing
27%
green
27%
slides
27%
ages
7%
hope
7%
round
7%
running
7%
calling
0%
No matching quizzes found
Score Distribution
Percent of People with Each Score
Percentile by Number Answered
Your Score History
You have not taken this quiz